Ensayos de teoría sociológica
Đã lưu trong:
| Tác giả chính: | |
|---|---|
| Định dạng: | Sách |
| Ngôn ngữ: | Spanish |
| Loạt: | Psicología Social y Sociología
28 |
| Những chủ đề: | |
| Các nhãn: |
Thêm thẻ
Không có thẻ, Là người đầu tiên thẻ bản ghi này!
|
MARC
| LEADER | 00000nam a22000007a 4500 | ||
|---|---|---|---|
| 003 | cru CIDCACS/IIS | ||
| 005 | 20200611062546.0 | ||
| 007 | ta | ||
| 008 | 170419b19491967ag ||||| |||| 00| 0 spa d | ||
| 999 | |c 19176 |d 19176 | ||
| 040 | |c cru CIDCACS/IIS | ||
| 090 | |a 05.01.02 P271e | ||
| 100 | 1 | |9 4168 |a Parsons, Talcott | |
| 245 | 1 | 0 | |a Ensayos de teoría sociológica |c Talcott Parsons |
| 300 | |a 378 páginas | ||
| 440 | |9 4169 |a Psicología Social y Sociología |v 28 | ||
| 500 | |a Colección de Rosamaría Pochet | ||
| 650 | 1 | 0 | |a SOCIOLOGIA |9 2081 |
| 650 | 1 | 0 | |a ANALISIS SOCIOLOGICO |9 2076 |
| 650 | 1 | 0 | |a MOVIMIENTOS SOCIALES |9 3 |
| 650 | 4 | |9 1933 |a CAMBIO SOCIAL | |
| 650 | 1 | 0 | |9 25 |a ESTRATIFICACION SOCIAL |
| 650 | 1 | 0 | |a RELIGION |9 2795 |
| 650 | 1 | 0 | |9 3389 |a DESCRIPCIONES DE PROFESIONES |
| 650 | 1 | 0 | |9 4171 |a TEORIA SOCIOLOGICA |
| 942 | |2 ddc |c LI |i 05.01.02 |k P271e |6 050102 | ||
